Responses for Show #4052 - Tuesday, March 26, 2002

Contestants

[<< previous game]

Ella Rich, a freelance translator originally from Springfield, Missouri

Noel Steere, a systems analyst from Chicago, Illinois

Sage Andersen, a student from Oakland, California (whose 2-day cash winnings total $27,600)

[next game >>]

Jeopardy! Round responses

STATE BIRDS
COMEDIANS
OLD GLORY
NOTABLE NAMES
D.C. ABBR.
"B" YOUR BEST
    $200 1
Dudley Moore

Noel
    $200 21
red

Ella
    $200 6
Hans Christian Andersen

Noel
    $200 16
the Arts

Noel
    $200 11
Buzz

Ella
    $400 2
(Sage: Who is Dante?)
...
(Alex: Who is [*]? Remember, he played God.)

George Burns

Sage
Triple Stumper
    $400 22
over their heart

Sage
    $400 7
Gorbachev

Noel
    $400 17
elections

Noel
    $400 12
bagpipes

Noel
    $600 26
the cardinal

Ella
    $600 3
a spit take

Noel
    $600 23
(Alex: Now with a minute to go.)

the land of the free and the home of the brave

Noel
    $600 8
Marie Curie

Noel
    $600 18
[NOTE: Delivering the correct response, Alex originally said the CAB is the Civil Aviation Board, but he corrected himself before starting the Double Jeopardy! Round, indicating that CAB stands for Civil Aeronautics Board.]

aircraft

Triple Stumper
    $600 13
the butler

Sage
    $800 27
[The end-of-round signal sounds.]

Arizona

Noel
    $800 4
Gallagher

Noel
    $800 24
13

Noel
    $2,000 9
(Noel: Who is Sister Ignatius?)
(Alex: No. Has her own TV show. [*]. Talks about art. Very lively show.)

Sister Wendy

Noel
    $800 19
Strategic Defense Initiative

Noel
    $800 14
babushka

Ella
    $1000 5
Lenny Bruce

Sage
    $1000 25
(Noel: What is July 4, 1961?)

July 4, 1960

Noel
Triple Stumper
    $1000 10
(Noel: Who is Admunsen?)
(Alex: Yes.)
[Voices from offstage]
(Alex: Nope. They're saying no. They're saying no.)
(Sage: Who is Edmunsen?)

Roald Amundsen

SageNoel
Triple Stumper
    $1000 20
General Agreement on Tariffs and Trade

Noel
    $1000 15
Bulgaria

Noel

Scores at the first commercial break (after clue 15):

Sage Noel Ella
$200 $1,200 $1,000

Scores at the end of the Jeopardy! Round:

Sage Noel Ella
$600 $4,800 $1,800

Double Jeopardy! Round responses

MY AFRICAN HOME
ROCK HISTORY
SHAKESPEAREAN CROSSWORD CLUES "M"
SEE:
(Alex: These are cross-references from Merriam-Webster's Collegiate Encyclopedia.)
WACKY ROMAN EMPERORS
POKE AN I OUT
    $400 6
Zimbabwe

Noel
    $400 1
(Pete) Best

Noel
    $400 12
March

Sage
    $400 22
Hoover Dam

Noel
    $400 7
Hercules

Triple Stumper
    $400 17
(Alex: Bruce Willis, [*].)

wills

Sage
    $800 27
Morocco

Ella
    $800 2
Tapestry

Triple Stumper
    $800 13
murder

Sage
    $800 23
Paul Simon

Sage
    $800 8
Nero

Noel
    $800 18
(Alex: It's tough when you have to poke that "I" out.)

Oliver!

Sage
    $1200 28
Kenya

Sage
    $1200 3
Patrick Swayze

Sage
    $1200 14
Mercutio

Sage
    $1200 24
corn

Sage
    $3,000 9
(Alex: He was wacky.)

Caligula

Noel
    $1200 19
(Alex: [*], for Cain, yes.)

can

Sage
    $1600 29
(Noel: What is... Algeria?)

Tunisia

SageNoel
    $1600 4
John Baldry

Triple Stumper
    $1600 15
Macbeth

Noel
    $1600 25
(Alex: Less than a minute now.)

nitrous oxide

Noel
    $1600 10
(Ella: Who are the Centurians?)
(Noel: Who are the Centaurians?)

the Praetorian Guard

NoelElla
Triple Stumper
    $1600 20
(Alex: [*], for Marisa Tomei, yes.)

tome

Ella
    $2000 30
(Alex: On the west coast in the south, that would be [*].)

Namibia

Triple Stumper
    $2000 5
(Alex: Obviously all of these clues should have been on Rock & Roll Jeopardy!)

Brownsville Station

Triple Stumper
    $4,000 16
Miranda

Noel
    $2000 26
adipose

Noel
    $2000 11
the emperor Claudius

Triple Stumper
    $2000 21
(Noel: What is mantis?)
...
(Alex: [*], for Tina Louise.)

louse

NoelElla

Scores at the end of the Double Jeopardy! Round:

Sage Noel Ella
$11,400 $13,800 $4,600

[wagering suggestions for these scores]

Final Jeopardy! Round responses

FOOD & DRINK
(Alex: [To Ella] Yes, it's from a type of orchid plant.)
EllaWhat is vanilla
$2,201
SageWhat is cinnamon?
$11,399
NoelWhat is polo?
$9,001
vanilla

Final scores:

Sage Noel Ella
$1 $4,799 $6,801
3rd place: trip for 2 to the Hyatt Regency Tamaya Resort and Spa 2nd place: trip for 2 to Breezes Montego Bay, Jamaica New champion: $6,801

Game dynamics:

Coryat scores:

Sage Noel Ella
$11,400 $12,000 $4,600
14 R,
2 W
24 R
(including 2 DDs),
6 W
(including 1 DD)
7 R,
1 W

Combined Coryat: $28,000

[game clues] [game scores] [suggest correction]

Game tape date: 2001-12-12
The J! Archive is created by fans, for fans. Scraping, republication, monetization, and malicious use prohibited; this site may use cookies and collect identifying information. See terms. The Jeopardy! game show and all elements thereof, including but not limited to copyright and trademark thereto, are the property of Jeopardy Productions, Inc. and are protected under law. This website is not affiliated with, sponsored by, or operated by Jeopardy Productions, Inc. Join the discussion at JBoard.tv.